| LEADER |
01263ngm0a2200265 450 |
| 001 |
16848026 |
| 100 |
|
|
|a 20230901d2023 u u0frey01 ba
|
| 101 |
0 |
|
|a fre
|
| 102 |
|
|
|a FR
|
| 200 |
0 |
|
|a gang des Bois du Temple (Le)
|f Rabah Ameur-zaïmeche, réal., scénario
|g Annkrist, Sofiane Saïdi, comp. - Régis Laroche, Annkrist, Marie Loustalot, , Kenji Meunier, Salim Ameur-Zaïmèche, ... [et al.] act.
|
| 207 |
|
1 |
|a
|
| 210 |
|
|
|a Marseille
|c Les Alchimistes
|d 2023
|
| 215 |
|
|
|a 1 DVD 2 couches sur une simple face (01 h 54 mn)
|c 16/9, coul., (PAL),
|
| 300 |
|
|
|a Langues principales : français;
|
| 330 |
|
|
|a Un militaire à la retraite vit dans le quartier populaire des Bois du Temple. Au moment où il enterre sa mère, son voisin Bébé, qui appartient à un groupe de gangsters de la cité, s'apprête à braquer le convoi d'un richissime prince arabe...
|
| 700 |
|
0 |
|a Ameur-zaïmeche
|b Rabah
|4 370
|
| 702 |
|
0 |
|a Annkrist
|4 230
|
| 702 |
|
0 |
|a Saïdi
|b Sofiane
|4 230
|
| 702 |
|
0 |
|a Laroche
|b Régis
|4 5
|
| 702 |
|
0 |
|a Loustalot
|b Marie
|4 5
|
| 702 |
|
0 |
|a Meunier
|b Kenji
|4 5
|
| 702 |
|
0 |
|a Ameur-Zaïmèche
|b Salim
|4 5
|
| 900 |
|
|
|a Film
|
| 901 |
|
|
|a Accessible au prêt
|
| 995 |
|
|
|a Bibliothèque
|c Bibliothèque
|f 00156011874054
|h 00156011874054
|k F AME
|o p
|q a
|r gd
|e Bibliothèque
|